000 00618nam a2200193Ia 4500
003 GCL
008 140319s9999 xx 000 0 ara d
040 _aGCL /
_cGCL
082 0 4 _a796.42
_bف ر
100 1 _aفاروق عبدالوهاب
245 1 0 _aالرياضة : صحة ولياقة بدنية /
_cفاروق عبدالوهاب
260 _aالقاهرة :
_bدار الشروق ،
_c1995
300 _a319 ص
490 _aالمكتبة الرياضية
_v0
650 0 4 _aالرياضة البدنية
650 0 4 _aالرياضة
650 0 4 _aالتمرينات الرياضية
942 _2ddc
_cBK
999 _c45078
_d45078